000 01050nam a2200229Ia 4500
001 L230-5672
003 IT-CnALBA
008 170116s9999||||xx |||||||||||||| ||und||
040 _aIT-CnALBA
_cIT-CnALBA
041 _aITALIANO
100 _aFANFANI P. J. LUDOVICO, OP.
245 0 _aTEOLOGIA PER TUTTI SECONDO LA DOTTRINA DI S. TOMMASO. VOL. III. I SACRAMENTI.
250 _a2a ed.
260 _aROMA
_bSALES EDITRICE UN. DON. AZ. CATT. ROMA
_c1951 [1° Ed.: n.d.]
300 _a578 p. (prefazione: 56)
500 _aSACRAMENTI: BATTESIMO CRESIMA O CONFERMAZIONE. PENITENZA O RICONCILIAZIONE. ORDINE. MATRIMONIO. ESTREMA UNZIONE O UNZIONE DEGLI INFERMI. EUCARESTIA MESSA.
501 _aSocietà San Paolo EM - Piazza San Paolo, 14 - 12051 ALBA (CN) (non commercial uses only) ® Copyright 2017
520 _aSACRAMENTI: BATTESIMO CRESIMA O CONFERMAZIONE. PENITENZA O RICONCILIAZIONE. ORDINE. MATRIMONIO. ESTREMA UNZIONE O UNZIONE DEGLI INFERMI. EUCARESTIA MESSA.
650 _aDOGMATICA CRISTIANA
942 _cBK
957 _71
999 _a6651
_bNO
_g Copie: 1
_c264857
_d264857